书目信息 |
| 题名: |
Roitt免疫学基础
|
|
| 作者: | 诺伊特 德尔夫斯 | |
| 分册: | ||
| 出版信息: | 北京 科学出版社 2002 |
|
| 页数: | 481 | |
| 开本: | 26cm | |
| 丛书名: | ||
| 单 册: | ||
| 中图分类: | Q939.91 | |
| 科图分类: | ||
| 主题词: | 微生物学--应用 | |
| 电子资源: | ||
| ISBN: | 7-04-011201-7 | |
| 000 | 00559nam0 2200181 450 | |
| 001 | 0741144344 | |
| 005 | 20070817112544.34 | |
| 010 | @a7-04-011201-7@d¥38.00 | |
| 100 | @a20070817d km y0chiy0120 ea | |
| 101 | 0 | @achi |
| 200 | 1 | @aRoitt免疫学基础@ARoitt mian yi xue ji chu@f(英)诺伊特 德尔夫斯@F(ying)nuo yi te de er fu si |
| 210 | @a北京@c科学出版社@d2002 | |
| 215 | @a481@d26cm@e光盘1张 | |
| 606 | 0 | @a微生物学@x应用 |
| 690 | @aQ939.91@v3 | |
| 701 | 0 | @a诺伊特 德尔夫斯@Anuo yi te de er fu si |
| 801 | 0 | @aCN@bPFT@c20070817 |
| 905 | @a213230@dQ939.91@en4@f1 | |
| Roitt免疫学基础/(英)诺伊特 德尔夫斯.-北京:科学出版社,2002 |
| 481;26cm+光盘1张 |
| ISBN 7-04-011201-7:¥38.00 |
| ● |
| 相关链接 |
|
|
|
|
正题名:Roitt免疫学基础
索取号:Q939.91/n4
 
预约/预借
| 序号 | 登录号 | 条形码 | 馆藏地/架位号 | 状态 | 备注 |
| 1 | 6600327 | 266003273 | 密集书库-生命科学系/ [索取号:Q939.91/n4] | 在馆 |